000 00653nam a2200229 i 4500
003 DO-SdBNP
005 20240311151353.0
006 a||||gr|||| 00| 0
007 ta
008 230519t2022 dr |||gr|||| 001 e spa d
020 _a9789945635140
040 _aDO-SdBNP
_bspa
_cBNPHU
_erda
082 4 _bG215h
245 1 0 _aLos hijos de Dios y los hijos del diablo. /
_cSamuel García Matos
264 1 0 _aSanto Domingo :
_bSantuario,
_c2022
300 _a165 páginas ;
_b22 cm
336 _2rdaconten
_atexto
_btxt
337 _2rdamedia
_asi medición
_bn
338 _2rdacarrier
_avolumen
_bnc
590 _aInventariado 2023 / MF
942 _2ddc
_cLBS1
999 _c53574
_d53574